Centroamérica: de la Colonia al Estado Nacional (1800-1840)

Guardat en:
Dades bibliogràfiques
Autor principal: Pinto Soria, Julio César
Format: Text
Publicat: Guatemala: Universidad de San Carlos
Etiquetes: Afegir etiqueta
Sense etiquetes, Sigues el primer a etiquetar aquest registre!

MARC

LEADER 00000 a a2200000 04500
001 22162
003
040
090 |a 150100  
100 |a Pinto Soria, Julio César  
245 |a Centroamérica: de la Colonia al Estado Nacional (1800-1840)  
260 |a Guatemala:   |b Universidad de San Carlos  
300 |a 304 p.  
999 |c 15050  |d 15050